000 00397 a2200133 4500
001 91397
082 _aPR 1292
090 _c43527
_d43526
100 _aMonzur-E-Alam; Prof Zubair Islam (Advisor)
245 _aStudy The Effect of Change of Wing Geometry on its Aerodynamic Characteristics
_n49 "A" EC
260 _aKarachi
_bNED University
_c1998
300 _a90p
500 _aBE Project Reports
942 _aCAE NUST
_kPR 1292
999 _c326470
_d326470